| 000 | 00425nam a2200133Ia 4500 | ||
|---|---|---|---|
| 003 | GCL | ||
| 008 | 140319s9999 xx 000 0 ara d | ||
| 040 |
_aGCL / _cGCL |
||
| 082 | 0 | 4 |
_a953.07391 _bص ز |
| 245 | 1 | 0 | _aزيدة التواريخ: اخبار الامراء والملوك السلجوقية |
| 260 |
_a[S.N] : _bدار اقرا للنشر والتوزيع والطباعة ، _c1986 |
||
| 300 | _a364 ص | ||
| 490 | _a | ||
| 999 |
_c53413 _d53413 |
||